Włatcy Móch - Name All Characters - Statistics

General Stats
  • This quiz has been taken 62 times
  • The average score is 10 of 14
Answer Stats
Hint Answer % Correct
Anusiak
98%
Maslana
98%
Kids Czesio
95%
Konieczko
95%
Zajkowski
89%
Higienistka
80%
Andzelika
77%
Przekliniak
75%
Marcel
61%
Adults Pani Frau
59%
Zebas
59%
Stuffed Animals Przytulas
55%
Pulkownik
52%
Pedeciak
50%
No matching quizzes found
Score Distribution
Percent of People with Each Score
Percentile by Number Answered
Your Score History
You have not taken this quiz